[Event "Hradec Kralove Region-chT 0506"]
[Site "Czech Republic"]
[Date "2005.10.23"]
[Round "1.3"]
[White "Stolc, Martin"]
[Black "Kram, Jiri"]
[Result "0-1"]
[WhiteElo "2009"]
[BlackElo "1875"]
[PlyCount "88"]
[EventDate "2005.10.23"]
[EventType "team-tourn"]
[EventRounds "11"]
[EventCountry "CZE"]
[SourceTitle "EXT 2024"]
[Source "ChessBase"]
[SourceDate "2023.10.10"]
[SourceVersion "1"]
[SourceVersionDate "2023.10.10"]
[SourceQuality "1"]
[WhiteTeam "Jicin"]
[BlackTeam "Lipa II"]
[WhiteTeamCountry "CZE"]
[BlackTeamCountry "CZE"]

1. Nf3 Nf6 2. b3 g6 3. Bb2 Bg7 4. c4 d6 5. Nc3 Bf5 6. Nd4 Nc6 7. Nxc6 bxc6 8. g3 Qd7 9. Bg2 Bh3 10. 0-0 Bxg2 11. Kxg2 h5 12. f3 h4 13. Rh1 Nh5 14. Qc2 Qf5 15. Qxf5 gxf5 16. Na4 Rg8 17. Kh3 hxg3 18. hxg3 Nxg3 19. Rag1 f4 20. Rxg3 fxg3 21. Kg2 Bxb2 22. Nxb2 Kd7 23. Nd3 Rh8 24. Rxh8 Rxh8 25. Kxg3 a5 26. Kg2 Rh4 27. Nb2 Rh6 28. Nd3 Rh4 29. Nb2 Rh5 30. Nd3 Rg5+ 31. Kf2 Rh5 32. Kg2 Rh8 33. Nb2 Rg8+ 34. Kf2 Rh8 35. Kg2 Ke6 36. Nd3 c5 37. Nf4+ Kd7 38. Nd5 Rh6 39. Nc3 Rg6+ 40. Kf2 Rh6 41. e4 Rh1 42. f4 Ra1 43. Ke2 e6 44. f5 e5 0-1